Možnosti využitia databázových systémov v poštovom podniku

Bibliographic Details
Main Authors: Kováčiková, Martina, 1971- (Author), Kremeňová, Iveta (Author), Fabuš, Juraj (Author), Fľak, Ján, 1963- (Author)
Format: Book
Language:Slovak
PhysicalDescription:152 s. fotogr., ilustr., sch., tab. 30 cm
Published: V Žiline Žilinská univerzita, Fakulta prevádzky a ekonomiky dopravy a spojov Edis 2014
ISBN:9788055408293 (brož.)
Edition:1. vyd.
Subjects:

MARC

LEADER 00000nam a22000001a 4500
001 vtls010588008
003 SK-MaSNL
005 20260302013233.0
008 180621s2014 xo oa e 000 0 slo
015 |a SNBA2014/04 
020 |a 9788055408293 (brož.) 
035 |a C63E5E18-F75E-4E96-A5F4-098B6ABF104D 
035 |a urn:nbn:sk:snk-amkcaa 
035 |a urn:nbn:sk:snk-am0089l0 
040 |a SNK  |b slo  |c SNK  |e AACR2 
041 0 |a slo 
044 |a xo  |c SK 
072 7 |a 004.4/.6  |x Programovanie. Softvér  |2 konspekt 
072 7 |a 656.8  |x Poštové služby a správa  |2 konspekt 
080 |a 004.65  |2 2001 
080 |a 656.8  |2 2001 
080 |a (075.8)  |2 2001 
245 0 0 |a Možnosti využitia databázových systémov v poštovom podniku  |c Martina Kováčiková ... [et al.] 
250 |a 1. vyd. 
260 |a V Žiline  |b Žilinská univerzita, Fakulta prevádzky a ekonomiky dopravy a spojov  |b Edis  |c 2014 
300 |a 152 s.  |b fotogr., ilustr., sch., tab.  |c 30 cm 
366 |e 150 výt. 
504 |a Bibliogr.: s. 150-152 ; zoz. obr., tab., skrat. a značiek 
650 0 7 |a databázové systémy  |2 SNKPH  |9 1907 
650 0 7 |a Database systems  |2 SNKPHeng  |9 278451 
650 0 7 |a pošty  |2 SNKPH  |9 13835 
650 0 7 |a Post  |2 SNKPHeng  |9 1978 
655 7 |a učebnice vysokých škôl  |2 SNKPH  |9 70191 
655 7 |a Textbooks (higher)  |2 SNKPHeng  |9 276436 
700 1 |a Kováčiková, Martina,  |d 1971-  |4 aut  |9 240607 
700 1 |a Kremeňová, Iveta  |4 aut  |9 13179 
700 1 |a Fabuš, Juraj  |4 aut  |9 341193 
700 1 |a Fľak, Ján,  |d 1963-  |4 aut  |9 249425 
752 |a Slovensko  |d Žilina 
852 |a Štátna vedecká knižnica v Banskej Bystrici 
919 |a 978-80-554-0829-3 
958 |a NB 
999 |c 1012213  |d 1014143 
952 |a SNK  |b SNK  |y PREZ  |7 0  |p 17A1108054  |o snkSB 86510  |i snk2014/8853  |8 0  |0 0  |1 0  |4 0  |d 2014-04-07  |f 1  |l 0  |r 2025-05-07 00:00:00  |w 2026-02-24 
952 |a SNK  |b SNK  |y VYP  |7 0  |p 17A1108004  |o snkSB 86510 D1  |i snk2014/8854  |8 0  |0 0  |1 0  |4 0  |d 2014-04-07  |l 0  |r 2016-06-30 00:00:00  |w 2026-02-24